zpět

Detail výsledku týmu

Chicago Bar & Grill ČT, Liberec

Datum a čas kvízu

26 Celkem bodů Celkový počet nahraných bodů na tomto kvízu bez doplňovacích otázek.
8. Pořadí na kvízu Konečné umístění týmu na tomto kvízu.

Zaznamenané odpovědi

# Otázka Odpověď Body Výsledky
1. Prezidentská kancelář zveřejni... špatná akustika 1
2. Minulý týden soud osvobodil čt... v Belgii 0
3. Pravděpodobnou podobu významné... sv. Vojtěch (Adalbert) 0
4. V pátek se v pražském hotelu M... mince 0
5. Olympijskému vítězi ve skocích... na Islandu 1
6. Sugo all'amatriciana patří mez... guanciale; pecorino 0
7. Napište zakrytou značku zobraz... Kikkoman 0
8. Když se řekne omáčka, určitě s... 15 0
9. Město Worcester dalo jméno jed... C; ločidlo 0.5
10. Jak se označuje tato jednoduch... velouté 0